| Tag |
First Indicator |
Second Indicator |
Subfields |
| LEADER |
00000cam a22000007i 4500 |
| 001 |
in00005674591 |
| 005 |
20260112202404.8 |
| 008 |
250903t20252025njuab b 001 0 eng d |
| 035 |
|
|
|a (OCoLC)1535225701
|
| 035 |
|
|
|a 1535225701
|
| 040 |
|
|
|a IWA
|e rda
|c IWA
|d JHE
|d GUA
|
| 020 |
|
|
|a 9781394307036
|q hardcover
|
| 020 |
|
|
|a 1394307039
|q hardcover
|
| 082 |
0 |
|
|a 551.8 ǂ2 23/eng/20250821
|
| 090 |
|
|
|a QE513
|b .M64 2025
|
| 100 |
1 |
|
|a Mohriak, Webster,
|d 1956-
|e author.
|
| 245 |
1 |
0 |
|a Salt in the earth sciences :
|b basin analysis and salt tectonics /
|c Webster Mohriak.
|
| 264 |
|
1 |
|a Hoboken, New Jersey :
|b John Wiley and Sons,
|c [2025].
|
| 264 |
|
4 |
|c ©2025.
|
| 300 |
|
|
|a x, 530 pages :
|b chiefly color illustrations, color maps ;
|c 29 cm.
|
| 336 |
|
|
|a text
|b txt
|2 rdacontent
|
| 337 |
|
|
|a unmediated
|b n
|2 rdamedia
|
| 338 |
|
|
|a volume
|b nc
|2 rdacarrier
|
| 490 |
1 |
|
|a Geophysical monograph series ;
|v 287
|
| 500 |
|
|
|a "This work is a co-publication of the American Geophysical Union and John Wiley & Sons, Inc."
|
| 504 |
|
|
|a Includes bibliographical references and index.
|
| 520 |
|
|
|a A comprehensive review of salt deposition in sedimentary environments worldwide. Salt is formed when water rich in evaporite minerals accumulates on the Earth's surface and then evaporates. Over time, pressure and tectonics change the structure and shape of salt layers. Recent technological advances have improved the interpretation and modeling of subsurface salt structures. Salt in the Earth Sciences: Evaporite Rocks and Salt Deposition presents a global overview of salt deposition and deformation in sedimentary basins, synthesizing data analysis, observations, theories and modeling. Volume highlights include an overview of salt use by humans from prehistoric times to the modern industrial world, chemical and physical principles of evaporite deposition in sedimentary basins, the effects of gravity and tectonic forces on rock salt deformation, development of salt structures in orogenic belts and deep basins, seismic interpretation methods for identification of subsurface salt structures, key sedimentological models for evaporite deposition in continental and marine environments and global examples ranging from modern hypersaline rift lakes to ancient marine salt basins.
|
| 650 |
|
0 |
|a Salt tectonics.
|
| 650 |
|
0 |
|a Salt deposits.
|
| 830 |
|
0 |
|a Geophysical monograph ;
|v 287.
|
| 948 |
|
|
|a dmitchel 1/12/26 2.20.20
|
| 994 |
|
|
|a Z0
|b TXA
|
| 999 |
f |
f |
|i f44c714a-c6a2-4c98-b41c-ccee53efc67b
|s b35cd4b2-960a-4a61-84e7-676e2b1f9047
|t 0
|
| 952 |
f |
f |
|p normal
|a Texas A&M University
|b College Station
|c Sterling C. Evans Library
|s Evans stk
|d Evans: Library Stacks
|t 0
|e QE513 .M64 2025
|h Library of Congress classification
|i unmediated -- volume
|m A14852748749
|
| 998 |
f |
f |
|a QE513 .M64 2025
|t 0
|l Evans: Library Stacks
|